000 00468 a2200109 4500
020 _a8388442295
920 _a83-88442-29-5
100 1 _aFigurski, Mariusz.
_eAutor
245 0 _aOkreślenie wybranych parametrów atmosfery na podstawie permanentnych obserwacji GPS i ich wpływ na dokładność opracowań pomiarów satelitarnych /
_cFigurski Mariusz.
710 2 _aBEL Studio Sp.z o.o..
_eWydawca
_4pbl
260 _aWarszawa :
_bBEL Studio Sp.z o.o.,
_c2001.
300 _a156 s.:
_bil.;
_c23 cm.
999 _c15876
_d15876